Statistics for Famous Leaders

Click here to take the quiz!

General Stats

  • This quiz has been taken 39 times
  • The average score is 9 of 15

Answer Stats

Answer% Correct
Abraham Lincoln
94%
Queen Elizabeth I
94%
Winston Churchill
94%
George Washington
91%
Napoleon Bonaparte
91%
Julius Caesar
85%
Cleopatra
79%
Alexander the Great
76%
Genghis Khan
73%
Tojo Hideki
42%
Charlemagne
30%
Justinian
27%
Ivan the Terrible
21%
Empress Wu
15%
Sultan Mehmed II
15%

Score Distribution

Percentile by Number Answered

Percent of People with Each Score

Your Score History

You have not taken this quiz